Die Haus= und Feldbesitzer zu Hohnstein ein Beitrag zur Geschichte und Volkskunde der Ackerbürger in den Städten des Elbsandsteingebirges

Podrobná bibliografia
Hlavný autor: Fiedler, Alfred (Autor)
Médium: Kniha
Jazyk:nemčina
Fyzický popis:S. 311-330 25 cm
Vydavateľské údaje: [S.l. s.n. 1965]
Predmet:

MARC

LEADER 00000nam a2200000 a 4500
001 vtls001356267
003 SK-MaSNL
005 20260301010526.0
008 240314s1965 DE a 0 ger
020 |c 5,00 
035 |a SNK000309739 
040 |a SNK  |b slo  |c SNK  |e AACR2 
043 |a e-ge 
044 |a DE 
080 |a 72.031.4:39(430-21)  |2 1981 
100 1 |a Fiedler, Alfred  |4 aut  |9 292468 
245 1 4 |a Die Haus= und Feldbesitzer zu Hohnstein  |b ein Beitrag zur Geschichte und Volkskunde der Ackerbürger in den Städten des Elbsandsteingebirges  |c Alfred Fiedler 
260 |a [S.l.  |b s.n.  |c 1965] 
300 |a S. 311-330  |c 25 cm 
500 |a 0dtlačok z: Sächsische Heimatblätter Heft 4/65 
650 0 7 |a Hohnstein p. Hohenstein-Ernstthal  |2 SNK  |9 292469 
651 7 |a Hohenstein-Ernstthal (Nemecko:mesto)  |x staviteľstvo ľudové  |x roľníci  |x výskumy národopisné  |x odtlačky  |2 SNK  |9 292470 
958 |a OND 
999 |c 548347  |d 550277 
952 |t P60, <04>, [BOOK], {604}  |a SNK  |b SNK  |y VYP  |7 0  |p 17A0181026  |o snkOIC 6628  |i snkK 512/99  |g 0.17  |0 0  |1 0  |4 0  |d 1999-02-26  |l 0  |r 2005-01-02 00:00:00  |w 2026-02-23